00490 2200169 4500001002100000005001500021035002000036245004300056100001700099250001200116300003000128856001900158700002200177260006800199082001600267650003700283INLIS00000000000008520250710121851 a0010-07250000851 aEngkaukah Pelatuk Itu? /cSuhel Quader0 aQuader,Suhel aPertama a20hlm. :bilus. ;c22,9cm aTBM AS-SYUHADA0 aKalyani Ganapathy aJakarta Timur :bBadan Pengembangan dan Pembinaan Bahasa,c2022 a398.209 598 4acerita anak indonesia-terjemahan